000 00578nam a2200169Ia 4500
003 GCL
008 140319s9999 xx 000 0 ara d
040 _aGCL /
_cGCL
082 0 4 _a953.2
_bا ى
100 1 _aاحمد حسين شرف الدين
245 1 0 _aاليمن عبر التاريخ (من القرن الرابع عشر قبل الميلاد حتى القرن العشرين) /
_cاحمد حسين شرف الدين
300 _a435 ص
490 _aكتاب
_v0
650 0 4 _aتاريخ
650 0 4 _aالحضارة اليمنية القديمة
942 _2ddc
_cBK
999 _c42246
_d42246